000 00301nam a2200121Ia 4500
008 191201s2014 xx 000 0 und d
100 _aCOWSILL, Alan
245 0 _aWorld War One 1914-1918
260 _bKalyani Navyug Media Pvt Ltd
_c2014
300 _a109
650 _aGeneral Books
942 _2ddc
_cBK
999 _c6789
_d6789